000
00302nam a2200121Ia 4500
005
20251222144658.0
008
251222s9999||||xx |||||||||||||| ||spa||
082
_a
305.906/A41
100
_a
Alfaro Vallejos, Julia
245
0
_a
Los Pescadores Italianos de Chucuito
264
_b
BANDESCO
942
_c
LIB
999
_c
17341
_d
17341